Introduccion a la teoría general de la administración (Registro nro. 12973)

Detalles MARC
000 -LIDER
fixed length control field 00542nam a22001817a 4500
003 - IDENTIFICACDOR DE NÚMERO DE CONTROL
control field DO-SdBNP
005 - DATE AND TIME OF LATEST TRANSACTION
control field 20171205093814.0
008 - ELEMENTOS DE LONGITUD FIJA
fixed length control field 171121b ck||||| |||| 00| 0 spa d
020 ## - ISBN
International Standard Book Number 9684510055
040 ## - FUENTE DE CATALOGACIÓN
Agencia que crea de manera original el registro BPMSU
Idioma de catalogación spa
Agencia que realiza la transcripción BPMSU
100 ## - ASIENTO PRINCIPAL -- NOMBRE PERSONAL
Nombre personal Chiavenato , Idalberto
245 ## - MENCIÓN DE TITULO
Título Introduccion a la teoría general de la administración
Mención de responsabilidad Idalberto Chiavenato
260 ## - PUBLICACIÓN, DISTRIBUCIÓN, ETC. (PIE DE IMPRENTA)
Lugar de publicación, distribución, etc Calí, Colombia
Nombre del editor, distribuidor, etc. Macgraw-Hill Latinoamericana
Fecha de publicación, distribución, etc 1976
300 ## - DESCRIPCIÓN FÍSICA
Extensión 586 p.
Dimensiones 23 cm
942 ## - ADDED ENTRY ELEMENTS (KOHA)
Source of classification or shelving scheme Dewey Decimal Classification
Koha item type Libros
945 ## - INFORMACIÓN DE PROCESAMIENTO LOCAL
Información de procesamiento local inventariado extranjero / DG
956 ## - LOCAL ELECTRONIC LOCATION AND ACCESS (OCLC)
Nombre de host dgarcia
Existencias
Withdrawn status Lost status Source of classification or shelving scheme Damaged status Not for loan Collection code Home library Current library Date acquired Source of acquisition Total Checkouts Barcode Date last seen Price effective from Koha item type
    Dewey Decimal Classification     Colección General Biblioteca Pública Metropolitana Salomé Ureña Biblioteca Pública Metropolitana Salomé Ureña 11/21/2017 Donado   BPMET17110285 11/21/2017 11/21/2017 Libros